Serie A top 50 assist makers - Statistics

General Stats
  • This quiz has been taken 130 times
  • The average score is 23 of 50
Answer Stats
Last club in Serie A Answer Assists % Correct
Juventus Andrea Pirlo 37
93%
Napoli Marek Hamsik 71
90%
Napoli Lorenzo Insigne 58
88%
Juventus Paulo Dybala 35
88%
Napoli Dries Mertens 46
84%
Roma Francesco Totti 54
84%
Atalanta Papu Gomez 57
79%
Juventus Paul Pogba 24
76%
Juventus Gonzalo Higuain 28
75%
Juventus Claudio Marchisio 24
74%
Udinese Antonio di Natale 31
72%
Sassuolo Domenico Berardi 40
71%
Napoli Jose Callejon 53
71%
Lazio Ciro Immobile 28
70%
Atalanta Josip Ilicic 42
70%
Juventus Miralem Pjanic 64
70%
Roma Daniele de Rossi 25
65%
Juventus Juan Cuadrado 36
59%
Inter Mauro Icardi 27
59%
Sampdoria Fabio Quagliarella 32
57%
Lazio Luis Alberto 32
51%
Cagliari Radja Nainggolan 31
50%
Inter Antonio Candreva 55
48%
Roma Edin Dzeko 27
47%
Inter Ivan Perisic 24
43%
Bologna Rodrigo Palacio 52
43%
Atalanta Luis Muriel 24
42%
Palermo Fabrizio Miccoli 29
39%
Verona Antonio Cassano 46
37%
Napoli Allan 33
36%
Milan Giacomo Bonaventura 24
34%
Milan Suso 29
34%
Juventus Mirko Vucinic 24
30%
Lazio Felipe Anderson 25
29%
Roma Alessandro Florenzi 27
27%
Genoa Goran Pandev 28
27%
Napoli Ezequiel Lavezzi 24
26%
Roma Maicon 25
21%
Atalanta Alessandro Diamanti 27
18%
Genoa Iago Falque 25
18%
Verona Alessio Cerci 31
17%
Inter Borja Valero 40
16%
Lazio Senad Lulic 37
16%
Lecce Riccardo Saponara 25
14%
Torino Adem Ljajic 40
13%
Cagliari Valter Birsa 29
13%
Cagliari Andrea Cossu 39
11%
Udinese Francesco Lodi 29
7%
Cagliari Luca Cigarini 28
5%
Empoli Manuel Pasqual 27
2%
No matching quizzes found
Score Distribution
Percent of People with Each Score
Percentile by Number Answered
Your Score History
You have not taken this quiz